000 00777nam a2200253 i 4500
001 C2-0321914
003 PPAK
005 20180728121000.0
008 130312s2011 my a|||| ||||| | may d
022 _a1511-1016
040 _aPPAK
_beng
_cPPAK
_erda
082 0 4 _a297.54
_223
090 0 0 _a297.54
_bMAL
_dR
110 2 _aMalaysia. Majlis Agama Islam Wilayah Persekutuan
245 0 0 _aLaporan zakat 2011
264 1 _aKuala Lumpur :
_bPusat Pungutan Zakat ,
_c2011
300 _avi, 198 pages :
_bcolour illustrations ;
_c29 cm
336 _2rdacontent
_atext
337 _2rdamedia
_aunmediated
338 _2rdacarrier
_avolume
650 1 0 _aZakat Malaysia - Periodicals
710 2 _aMalaysia. Majlis Agama Islam Wilayah Persekutuan
_eorganizer
942 _ddc
_cB
999 _c122319
_d122319